[Event "Rated Blitz game"]
[Site "?"]
[Date "2021.11.13"]
[Round "?"]
[White "Vitamixbrand"]
[Black "King_bg03"]
[Result "1-0"]
[WhiteElo "2760"]
[BlackElo "2729"]
[PlyCount "87"]
[EventDate "2021.??.??"]
[EventType "blitz"]

1. e4 e5 2. Nf3 d5 3. d4 exd4 4. exd5 Nf6 5. Qxd4 Qxd5 6. Nc3 Qxd4 7. Nxd4 a6
8. Bg5 Be7 9. O-O-O c5 10. Nb3 Be6 11. Bxf6 gxf6 12. Ne4 Nd7 13. Nd6+ Bxd6 14.
Rxd6 Ke7 15. Rd1 b6 16. g3 Rad8 17. Bg2 Ne5 18. Rde1 Kd6 19. Nd2 f5 20. Re2 Nc6
21. Bxc6 Kxc6 22. Rhe1 Rd5 23. Nc4 Rhd8 24. Ne5+ Kc7 25. Nd3 Rxd3 26. cxd3 Rxd3
27. b3 c4 28. Rc2 b5 29. Re3 Rd7 30. Rd2 Rxd2 31. Kxd2 Kd6 32. Kc3 cxb3 33.
axb3 a5 34. b4 a4 35. Kd4 f6 36. Kc3 Bf7 37. Rd3+ Kc6 38. Rd8 a3 39. Rf8 a2 40.
Kb2 Be6 41. Rxf6 Kd5 42. Rh6 Ke5 43. Rxh7 Bc4 44. Rh4 {Normal} 1-0

[Event "Rated Blitz game"]
[Site "?"]
[Date "2021.11.13"]
[Round "?"]
[White "ArieWerksma"]
[Black "batasjon"]
[Result "1-0"]
[WhiteElo "2438"]
[BlackElo "2470"]
[PlyCount "79"]
[EventDate "2021.??.??"]
[EventType "blitz"]

1. e4 e5 2. Nf3 d5 3. exd5 e4 4. Ne5 Qxd5 5. d4 exd3 6. Nxd3 Nf6 7. Nc3 Qf5 8.
Be2 Bd6 9. O-O O-O 10. Bf3 Nc6 11. Bxc6 bxc6 12. Re1 Ba6 13. Be3 Rad8 14. Qf3
Bxd3 15. cxd3 Qxf3 16. gxf3 a6 17. Rac1 Nd5 18. Nxd5 cxd5 19. Rc6 Ra8 20. Rec1
Rfb8 21. b3 f6 22. Kf1 Kf7 23. Bc5 Bxh2 24. Kg2 Bf4 25. Be3 Be5 26. R1c5 Rd8
27. Ra5 Ke7 28. Bc5+ Kd7 29. Rcxa6 Rxa6 30. Rxa6 g5 31. d4 Bd6 32. Bxd6 cxd6
33. b4 h5 34. b5 Rc8 35. a4 Rc4 36. b6 Rxd4 37. a5 Rb4 38. Ra7+ Ke6 39. b7 h4
40. a6 {Normal} 1-0

[Event "Rated Blitz tournament wQZHBmb0"]
[Site "?"]
[Date "2021.11.13"]
[Round "?"]
[White "Epatacan"]
[Black "UnstoppableForce777"]
[Result "1-0"]
[WhiteElo "2442"]
[BlackElo "2219"]
[PlyCount "129"]
[EventDate "2021.??.??"]
[EventType "blitz"]

1. e4 e5 2. Nf3 d5 3. Nc3 d4 4. Ne2 Nf6 5. Ng3 Nc6 6. Bc4 h6 7. d3 Bd6 8. a3
O-O 9. O-O Be6 10. Bxe6 fxe6 11. c3 a5 12. Qb3 Qc8 13. Re1 Be7 14. Nf5 Bd8 15.
cxd4 a4 16. Qa2 exd4 17. N5xd4 Nxd4 18. Nxd4 Re8 19. Bd2 Qd7 20. Qc4 Kh8 21.
Rac1 c6 22. Nf3 Bb6 23. Ne5 Qd4 24. Be3 Qxe5 25. Bxb6 Ng4 26. g3 Qh5 27. h4 Ne5
28. Qc3 Nf3+ 29. Kg2 Nxe1+ 30. Rxe1 Rf8 31. d4 Rf7 32. Bc5 Re8 33. Bd6 Qg4 34.
Be5 Ref8 35. f4 Kh7 36. Qf3 Qg6 37. h5 Qf6 38. Bxf6 Rxf6 39. e5 Rf5 40. Qe4 Kg8
41. Rf1 Rxh5 42. g4 Rh4 43. Kg3 g5 44. fxg5 Rxf1 45. Kxh4 hxg5+ 46. Kxg5 Rf7
47. Qg6+ Rg7 48. Kf6 Rxg6+ 49. Kxg6 Kf8 50. Kf6 b5 51. Kxe6 b4 52. g5 bxa3 53.
bxa3 c5 54. dxc5 Ke8 55. c6 Kd8 56. g6 Kc7 57. Kd5 Kb6 58. g7 Kc7 59. g8=Q Kb6
60. Qf7 Kb5 61. Qb7+ Ka5 62. Qb4+ Ka6 63. c7 Ka7 64. Kc6 Ka6 65. Qb6# {Normal}
1-0

[Event "Rated Blitz game"]
[Site "?"]
[Date "2021.11.13"]
[Round "?"]
[White "ElTapao"]
[Black "Anecdot"]
[Result "0-1"]
[WhiteElo "2444"]
[BlackElo "2301"]
[PlyCount "46"]
[EventDate "2021.??.??"]
[EventType "blitz"]

1. e4 e5 2. Nf3 d5 3. Nxe5 Qe7 4. Nf3 dxe4 5. Nd4 Nd7 6. Bc4 Ne5 7. Bb3 Bd7 8.
Nc3 O-O-O 9. Nde2 Nf3+ 10. gxf3 exf3 11. d3 Re8 12. Be3 fxe2 13. Nxe2 f5 14.
Qd2 h6 15. O-O-O g5 16. Rhe1 Nf6 17. Nc3 Qb4 18. a3 Qh4 19. Nd5 Nxd5 20. Bxd5
Bd6 21. Bxa7 Rxe1 22. Rxe1 Qa4 23. Be3 f4 {Normal} 0-1

[Event "Rated Blitz game"]
[Site "?"]
[Date "2021.11.13"]
[Round "?"]
[White "VictorAntonBologan"]
[Black "Fantastic_power06"]
[Result "0-1"]
[WhiteElo "2738"]
[BlackElo "2795"]
[PlyCount "58"]
[EventDate "2021.??.??"]
[EventType "blitz"]

1. e4 e5 2. Nf3 d5 3. Nxe5 Bd6 4. d4 dxe4 5. Nc4 Nc6 6. Nc3 Bf5 7. g4 Bg6 8.
Bg2 Bb4 9. a3 Bxc3+ 10. bxc3 Nge7 11. h4 h5 12. g5 O-O 13. Ne3 Nd5 14. Nxd5
Qxd5 15. Bf4 Na5 16. O-O Nc4 17. Bxc7 Rac8 18. Bg3 Qa5 19. d5 e3 20. Qd4 Nd2
21. Rfe1 Bxc2 22. Rxe3 Nb3 23. Qf4 Nxa1 24. d6 Bg6 25. Bxb7 Rxc3 26. Re7 Qf5
27. Qd4 Rd3 28. Qxa1 Qc5 29. Bg2 Rxg3 {Normal} 0-1

[Event "Rated Blitz tournament wQZHBmb0"]
[Site "?"]
[Date "2021.11.13"]
[Round "?"]
[White "Tyutyunov_Aleksei"]
[Black "DOOGE228"]
[Result "1-0"]
[WhiteElo "2238"]
[BlackElo "2421"]
[PlyCount "77"]
[EventDate "2021.??.??"]
[EventType "blitz"]

1. e4 e5 2. Nf3 d5 3. Qe2 dxe4 4. Qxe4 Bd6 5. d4 Nf6 6. Qe2 e4 7. Bg5 O-O 8.
Nfd2 Bf5 9. h3 Re8 10. Nc3 Nc6 11. Be3 Bb4 12. Nb3 Nd5 13. Bd2 e3 14. fxe3 Rxe3
15. Bxe3 Nxc3 16. bxc3 Bxc3+ 17. Kf2 Bxa1 18. Nxa1 Nxd4 19. Qd2 c5 20. c3 Qh4+
21. g3 Qf6 22. cxd4 Be4+ 23. Kg1 Bxh1 24. Bg5 Qc6 25. dxc5 Qxc5+ 26. Be3 Qc6
27. Nb3 Be4 28. Nd4 Qd7 29. Ne2 Qe6 30. Nf4 Qe7 31. Bg2 Rd8 32. Qf2 Bxg2 33.
Kxg2 Qe4+ 34. Qf3 Qc2+ 35. Qf2 Qe4+ 36. Kh2 h6 37. Ng2 Rc8 38. Qf4 Qb1 39. Qf2
{Time forfeit} 1-0

[Event "Rated Blitz game"]
[Site "?"]
[Date "2021.11.13"]
[Round "?"]
[White "Nimmes_97"]
[Black "ilalchemer"]
[Result "0-1"]
[WhiteElo "2415"]
[BlackElo "2391"]
[PlyCount "52"]
[EventDate "2021.??.??"]
[EventType "blitz"]

1. e4 e5 2. Nf3 d5 3. Nxe5 Bd6 4. d4 dxe4 5. Nc4 Be7 6. Nc3 Nf6 7. Bg5 O-O 8.
Be2 Nc6 9. Be3 Nd5 10. Nxd5 Qxd5 11. O-O f5 12. f3 f4 13. fxe4 Qxe4 14. Bf3 Qg6
15. Bf2 Bf5 16. c3 Be4 17. Re1 Bxf3 18. Qxf3 Rae8 19. d5 Nd8 20. Ne5 Qf5 21. c4
Bd6 22. Nd3 b6 23. b4 Nf7 24. c5 Ng5 25. Qd1 f3 26. g3 Qh3 {Time forfeit} 0-1

[Event "Rated Blitz tournament XXy3DHbR"]
[Site "?"]
[Date "2021.11.13"]
[Round "?"]
[White "gerchekusta2021"]
[Black "arrashii"]
[Result "0-1"]
[WhiteElo "2519"]
[BlackElo "2263"]
[PlyCount "56"]
[EventDate "2021.??.??"]
[EventType "blitz"]

1. e4 e5 2. Nf3 d5 3. exd5 e4 4. Qe2 Nf6 5. d3 Bb4+ 6. c3 O-O 7. dxe4 Bc5 8.
Bg5 h6 9. Bxf6 Qxf6 10. Nbd2 Bg4 11. h3 Bh5 12. O-O-O Nd7 13. g4 Bg6 14. Bg2
Rfe8 15. Rhf1 Qf4 16. Qc4 Rxe4 17. Qb5 Rd8 18. Nh4 Re7 19. Nxg6 fxg6 20. Qxb7
Rb8 21. Qc6 Rb6 22. Qa8+ Kh7 23. d6 Bxd6 24. Qf3 Qa4 25. Kb1 Ne5 26. Qe4 Qa5
27. Nb3 Qb5 28. Qd3 Nxd3 {Normal} 0-1

[Event "Rated Blitz game"]
[Site "?"]
[Date "2021.11.13"]
[Round "?"]
[White "duhec"]
[Black "jeruchess"]
[Result "1/2-1/2"]
[WhiteElo "2420"]
[BlackElo "2398"]
[PlyCount "109"]
[EventDate "2021.??.??"]
[EventType "blitz"]

1. e4 e5 2. Nf3 d5 3. Nxe5 Bd6 4. d4 dxe4 5. Bc4 Bxe5 6. dxe5 Qxd1+ 7. Kxd1 Nc6
8. Bf4 Bf5 9. Nc3 O-O-O+ 10. Ke2 Bg6 11. Bb3 Nd4+ 12. Ke3 Ne7 13. g4 Nec6 14.
Nxe4 Rhe8 15. Rad1 Nxb3 16. axb3 Nxe5 17. Rxd8+ Kxd8 18. Bxe5 Rxe5 19. f3 Bxe4
20. fxe4 Rc5 21. c3 Ke7 22. b4 Rc6 23. Ra1 a5 24. Rxa5 b6 25. Rd5 Ke6 26. h4 g6
27. h5 f6 28. hxg6 hxg6 29. Kd4 Ke7 30. g5 fxg5 31. Rxg5 Kf6 32. Rd5 Re6 33.
Rd7 g5 34. Rxc7 g4 35. Rh7 Kg5 36. Rg7+ Kf4 37. e5 g3 38. Kd5 Rxe5+ 39. Kd6 Rg5
40. Rf7+ Ke3 41. Rf1 Ke2 42. Ra1 g2 43. c4 Rg6+ 44. Kd5 g1=Q 45. Rxg1 Rxg1 46.
c5 bxc5 47. bxc5 Rb1 48. c6 Rxb2 49. c7 Rc2 50. Kd6 Ke3 51. Kd7 Rd2+ 52. Ke8
Rc2 53. Kd7 Kd4 54. c8=Q Rxc8 55. Kxc8 {Normal} 1/2-1/2

[Event "Rated Rapid game"]
[Site "?"]
[Date "2021.11.13"]
[Round "?"]
[White "onearmboxer"]
[Black "Dr_Lenk"]
[Result "1-0"]
[WhiteElo "2411"]
[BlackElo "2275"]
[PlyCount "41"]
[EventDate "2021.??.??"]
[EventType "rapid"]

1. e4 e5 2. Nf3 d5 3. Nxe5 Bd6 4. d4 dxe4 5. Nc3 Bxe5 6. dxe5 Qxd1+ 7. Kxd1 Nc6
8. Bf4 Bg4+ 9. Kc1 f5 10. h3 Bh5 11. Bb5 Nge7 12. Bg5 Kf7 13. Bc4+ Ke8 14. Nb5
Rc8 15. Be6 a6 16. Nd6+ cxd6 17. exd6 Nd4 18. d7+ Kf8 19. Bxe7+ Kxe7 20. dxc8=Q
Rxc8 21. Bxc8 {Normal} 1-0

[Event "Rated Blitz game"]
[Site "?"]
[Date "2021.11.13"]
[Round "?"]
[White "S_Guliev"]
[Black "Dungar"]
[Result "0-1"]
[WhiteElo "2596"]
[BlackElo "2527"]
[PlyCount "56"]
[EventDate "2021.??.??"]
[EventType "blitz"]

1. e4 e5 2. Nf3 d5 3. exd5 e4 4. Nd4 Nf6 5. Bc4 Bc5 6. Nb3 Bd6 7. d3 O-O 8. Bg5
h6 9. Bxf6 Qxf6 10. O-O e3 11. fxe3 Qe5 12. g3 Qxe3+ 13. Kh1 Bh3 14. Re1 Qf2
15. Rg1 Re8 16. N1d2 Re2 17. Qxe2 Qxe2 18. Rae1 Qh5 19. Re4 Bg4 20. Rf1 Nd7 21.
Nd4 Nf6 22. Ree1 Re8 23. Rxe8+ Nxe8 24. Ne4 Nf6 25. Rxf6 Be5 26. Rxf7 Kxf7 27.
d6+ Ke8 28. dxc7 Bxc7 {Normal} 0-1

[Event "Rated Blitz game"]
[Site "?"]
[Date "2021.11.13"]
[Round "?"]
[White "hagr135"]
[Black "Tintyn"]
[Result "0-1"]
[WhiteElo "2376"]
[BlackElo "2421"]
[PlyCount "54"]
[EventDate "2021.??.??"]
[EventType "blitz"]

1. e4 e5 2. Nf3 d5 3. exd5 e4 4. Qe2 Nf6 5. Nc3 Qe7 6. Nd4 Qe5 7. Ndb5 Bb4 8.
d4 Qe7 9. a3 Ba5 10. b4 Bb6 11. Bf4 O-O 12. d6 Qe6 13. Qc4 cxd6 14. Nxd6 Nc6
15. d5 Qg4 16. Be3 Bxe3 17. fxe3 Ne5 18. Qd4 Qh4+ 19. Kd1 Neg4 20. Kc1 Nf2 21.
Rg1 Qxh2 22. Ne2 Bg4 23. Kb2 Qxd6 24. g3 Bxe2 25. Bxe2 N2g4 26. Bxg4 Nxg4 27.
c4 Qe5 {Time forfeit} 0-1

[Event "Rated Blitz tournament IilKHv3a"]
[Site "?"]
[Date "2021.11.13"]
[Round "?"]
[White "mamadrezagochi"]
[Black "ahoramahora"]
[Result "1/2-1/2"]
[WhiteElo "2275"]
[BlackElo "2412"]
[PlyCount "142"]
[EventDate "2021.??.??"]
[EventType "blitz"]

1. e4 e5 2. Nf3 d5 3. d4 dxe4 4. Nxe5 Nd7 5. Nxf7 Kxf7 6. Qh5+ g6 7. Bc4+ Ke8
8. Qd5 Qe7 9. O-O Nb6 10. Qb5+ Bd7 11. Qb3 Nxc4 12. Qxc4 Be6 13. d5 Bf7 14. Nc3
Nf6 15. Re1 Bg7 16. Bg5 h6 17. Nxe4 hxg5 18. Nxf6+ Bxf6 19. Rxe7+ Kxe7 20.
Qxc7+ Kf8 21. Re1 Kg7 22. Qxb7 Rhd8 23. c4 a5 24. b3 a4 25. h3 a3 26. Qb6 Rdb8
27. Qe3 Re8 28. Qc1 Rxe1+ 29. Qxe1 Rb8 30. Qd2 Bb2 31. c5 Bf6 32. d6 Be6 33. c6
Ra8 34. c7 Bd7 35. Qd5 Re8 36. Qb7 Re1+ 37. Kh2 Be5+ 38. g3 Bxd6 39. c8=Q Kf6
40. Qcxd7 Be7 41. Qxe7+ Rxe7 42. Qxe7+ Kxe7 43. Kg2 Kd6 44. Kf3 Kd5 45. Kg4 Kd4
46. Kxg5 Kc3 47. Kxg6 Kb2 48. h4 Kxa2 49. h5 Kb2 50. h6 a2 51. h7 a1=Q 52.
h8=Q+ Ka2 53. Qxa1+ Kxa1 54. b4 Kb2 55. b5 Kc3 56. b6 Kd4 57. b7 Ke4 58. b8=Q
Kf3 59. Qf8+ Kg2 60. Kf7 Kf3 61. g4 Kg2 62. g5 Kf3 63. g6 Ke4 64. g7 Kf3 65.
g8=Q Ke2 66. Ke8 Kf1 67. Qgg7 Ke2 68. Qff7 Kd3 69. Qff6 Kc4 70. Qgg6 Kb5 71.
Qff5+ Kb4 {Time forfeit} 1/2-1/2

[Event "Rated Blitz game"]
[Site "?"]
[Date "2021.11.13"]
[Round "?"]
[White "benoni1000"]
[Black "Tristan2020"]
[Result "1-0"]
[WhiteElo "2365"]
[BlackElo "2403"]
[PlyCount "43"]
[EventDate "2021.??.??"]
[EventType "blitz"]

1. e4 e5 2. Nf3 d5 3. d4 dxe4 4. Nxe5 Bd6 5. Nc4 Nf6 6. Bg5 Be7 7. Nc3 h6 8.
Bh4 Nc6 9. d5 Nxd5 10. Qxd5 Bxh4 11. Qxe4+ Qe7 12. Qxe7+ Bxe7 13. Nb5 Bd8 14.
O-O-O O-O 15. Bd3 a6 16. Nc3 b5 17. Ne3 Be6 18. Be4 b4 19. Bxc6 bxc3 20. Bxa8
Bxa2 21. Bd5 cxb2+ 22. Kxb2 {Normal} 1-0

[Event "Rated Blitz tournament XXy3DHbR"]
[Site "?"]
[Date "2021.11.13"]
[Round "?"]
[White "Pemain_Kandangan"]
[Black "arrashii"]
[Result "1-0"]
[WhiteElo "2402"]
[BlackElo "2253"]
[PlyCount "119"]
[EventDate "2021.??.??"]
[EventType "blitz"]

1. e4 e5 2. Nf3 d5 3. Nxe5 dxe4 4. d4 Be6 5. Bf4 Nf6 6. Nc4 Nc6 7. c3 Nd5 8.
Bg3 f5 9. Ne3 Qd7 10. Nxd5 Bxd5 11. Nd2 O-O-O 12. Bb5 a6 13. Bxc6 Bxc6 14. f4
Be7 15. Qe2 g5 16. O-O-O h5 17. h4 gxf4 18. Bxf4 Rdg8 19. g3 Qd5 20. Kb1 Bf6
21. Rhf1 Rg4 22. b3 Qa5 23. Kb2 Bb5 24. Nc4 Bxc4 25. Qxc4 Kb8 26. Qe6 Rf8 27.
Bh6 Rxg3 28. b4 Rg2+ 29. Rd2 Rxd2+ 30. Bxd2 Qb5 31. Rxf5 Qe2 32. Kc2 Qd3+ 33.
Kc1 Bg7 34. Rxf8+ Bxf8 35. Qe8+ Ka7 36. Qxf8 e3 37. Be1 e2 38. Qf2 Qd1+ 39. Kb2
Qd3 40. d5+ b6 41. Qd4 Qd1 42. Qd2 Kb7 43. Bf2 Qf1 44. Be1 Qf3 45. d6 cxd6 46.
Qxd6 Qf1 47. Qd5+ Kc8 48. Qd2 Kb7 49. a4 a5 50. b5 Kc7 51. Bg3+ Kc8 52. Be1 Kc7
53. Bg3+ Kc8 54. Qe3 Kd7 55. Qd4+ Ke6 56. Qe5+ Kf7 57. c4 Kg6 58. Qg5+ Kf7 59.
Qxh5+ Ke6 60. Qg4+ {Time forfeit} 1-0

[Event "Rated Blitz game"]
[Site "?"]
[Date "2021.11.13"]
[Round "?"]
[White "VictorAntonBologan"]
[Black "King_bg03"]
[Result "0-1"]
[WhiteElo "2728"]
[BlackElo "2737"]
[PlyCount "54"]
[EventDate "2021.??.??"]
[EventType "blitz"]

1. e4 e5 2. Nf3 d5 3. Nxe5 Bd6 4. d4 dxe4 5. Nc3 Bxe5 6. dxe5 Qxd1+ 7. Kxd1 Nc6
8. Nd5 Bg4+ 9. Ke1 O-O-O 10. Ne3 Nxe5 11. Bd2 Nh6 12. Bc3 Rhe8 13. h3 Bd7 14.
Rd1 f6 15. Be2 Ng6 16. Bh5 Re7 17. Kf1 Nf4 18. Be2 Rde8 19. h4 Nxe2 20. Kxe2 b6
21. h5 Bg4+ 22. Nxg4 Nxg4 23. Rh4 f5 24. Rhh1 e3 25. fxe3 Rxe3+ 26. Kd2 Re2+
27. Kc1 Nf2 {Normal} 0-1

[Event "Rated Blitz tournament IilKHv3a"]
[Site "?"]
[Date "2021.11.13"]
[Round "?"]
[White "Mehdi-khan"]
[Black "ahoramahora"]
[Result "1-0"]
[WhiteElo "2203"]
[BlackElo "2403"]
[PlyCount "159"]
[EventDate "2021.??.??"]
[EventType "blitz"]

1. e4 e5 2. Nf3 d5 3. exd5 e4 4. Ng1 Qxd5 5. d3 exd3 6. Qxd3 Nf6 7. Nc3 Bb4 8.
Bd2 Qxd3 9. Bxd3 Nc6 10. Nf3 Be6 11. O-O-O O-O-O 12. a3 Bc5 13. Ne4 Nxe4 14.
Bxe4 Bxf2 15. Bxc6 bxc6 16. Rhf1 Bb6 17. Ng5 h6 18. Nxe6 fxe6 19. Rf7 Rd7 20.
Rxd7 Kxd7 21. Bc3+ Ke7 22. Bxg7 Be3+ 23. Kb1 Rg8 24. Re1 Rxg7 25. Rxe3 Rxg2 26.
Rh3 Rg6 27. Ka2 e5 28. Kb3 Ke6 29. Kc4 Kf5 30. Kd3 Kf4 31. Rh4+ Kf3 32. Rh3+
Kg2 33. Rh5 Re6 34. Ke4 Rd6 35. Ke3 c5 36. Rxe5 Kxh2 37. Rxc5 Kg3 38. Rxc7 h5
39. Rxa7 Re6+ 40. Kd4 Rh6 41. Rg7+ Kf4 42. Rg1 Kf3 43. c4 h4 44. b4 Kf2 45. Rb1
h3 46. c5 h2 47. b5 Rh4+ 48. Kd5 Rh5+ 49. Kc6 Rh6+ 50. Kb7 Rh3 51. c6 Rxa3 52.
Rb2+ Kg3 53. Rxh2 Kxh2 54. c7 Rc3 55. b6 Kg3 56. Kc8 Kf4 57. b7 Ke5 58. b8=Q
Rh3 59. Qb5+ Kd6 60. Qb4+ Ke5 61. Qc5+ Kf6 62. Qc6+ Ke7 63. Qe4+ Kd6 64. Qf4+
Ke7 65. Qg5+ Kd6 66. Qf6+ Kc5 67. Qf5+ Kd6 68. Qxh3 Ke7 69. Qd7+ Kf6 70. Qd8+
Ke5 71. Kb7 Ke6 72. c8=Q+ Ke5 73. Qc6 Kf4 74. Qdd5 Ke3 75. Qcc4 Kf2 76. Qdd3
Ke1 77. Qce4+ Kf2 78. Qdf3+ Kg1 79. Qeg4+ Kh2 80. Qfh3# {Normal} 1-0

[Event "Rated Blitz tournament wQZHBmb0"]
[Site "?"]
[Date "2021.11.13"]
[Round "?"]
[White "Cabaret"]
[Black "dr_xStranger"]
[Result "1/2-1/2"]
[WhiteElo "2398"]
[BlackElo "2644"]
[PlyCount "144"]
[EventDate "2021.??.??"]
[EventType "blitz"]

1. e4 e5 2. Nf3 d5 3. exd5 e4 4. Qe2 Nf6 5. Nc3 Bb4 6. Nxe4 O-O 7. Nxf6+ Qxf6
8. c3 Bd6 9. Qd1 Qg6 10. d4 Re8+ 11. Be3 Nd7 12. Qd3 f5 13. O-O-O Nf6 14. Ne5
Bxe5 15. dxe5 Rxe5 16. c4 Ne4 17. f3 Nf6 18. Bf4 Re7 19. Qc2 Bd7 20. Bd3 Rae8
21. d6 cxd6 22. Bxd6 Re3 23. Bf4 R3e7 24. c5 Be6 25. Bd6 Qh6+ 26. Kb1 Rf7 27.
Bxf5 Bxf5 28. Qxf5 g6 29. Qd3 Re3 30. Qd4 Re2 31. g4 Qg5 32. h4 Qe3 33. Qxe3
Rxe3 34. Rhf1 Ne8 35. f4 b6 36. f5 bxc5 37. Bxc5 Re4 38. fxg6 hxg6 39. Rxf7
Kxf7 40. Rd7+ Kg8 41. Rxa7 Rxg4 42. b4 Rxh4 43. a4 Nf6 44. a5 Nd5 45. Rb7 Rh1+
46. Kb2 Rh2+ 47. Kb3 Rh3+ 48. Kc4 Ne3+ 49. Bxe3 Rxe3 50. a6 Ra3 51. a7 g5 52.
Rb8+ Kf7 53. a8=Q Rxa8 54. Rxa8 g4 55. Ra3 Kf6 56. Rg3 Kf5 57. Rxg4 Kxg4 58. b5
Kf4 59. b6 Kf5 60. b7 Ke5 61. b8=Q+ Ke6 62. Qb5 Kf6 63. Qd5 Kg6 64. Kd4 Kf6 65.
Ke4 Kg6 66. Qe5 Kf7 67. Kf4 Kg6 68. Kg4 Kf7 69. Qd6 Kg7 70. Kf5 Kf7 71. Qd7+
Kg8 72. Kg6 Kh8 {Time forfeit} 1/2-1/2

[Event "Rated Blitz game"]
[Site "?"]
[Date "2021.11.13"]
[Round "?"]
[White "Mamikon_Gharibyan"]
[Black "King_bg03"]
[Result "1-0"]
[WhiteElo "2801"]
[BlackElo "2725"]
[PlyCount "49"]
[EventDate "2021.??.??"]
[EventType "blitz"]

1. e4 e5 2. Nf3 d5 3. d3 dxe4 4. dxe4 Qxd1+ 5. Kxd1 Nc6 6. Bb5 Bd7 7. Be3 f6 8.
Nbd2 O-O-O 9. c3 a6 10. Bd3 g5 11. Ke2 h5 12. b4 h4 13. h3 g4 14. hxg4 Bxg4 15.
a4 Nce7 16. b5 a5 17. b6 c6 18. Nc4 f5 19. Ncxe5 Rh7 20. Nxg4 fxg4 21. Nxh4 Bg7
22. Rac1 Bf6 23. e5 Rxh4 24. exf6 Rxh1 25. fxe7 {Normal} 1-0

[Event "Rated Blitz game"]
[Site "?"]
[Date "2021.11.13"]
[Round "?"]
[White "li_ann"]
[Black "Aqui2019"]
[Result "1-0"]
[WhiteElo "2409"]
[BlackElo "2256"]
[PlyCount "57"]
[EventDate "2021.??.??"]
[EventType "blitz"]

1. e4 e5 2. Nf3 d5 3. exd5 e4 4. Qe2 Nf6 5. Nc3 Bf5 6. Nd4 Bg6 7. d3 Bb4 8.
dxe4 O-O 9. Bd2 Bxc3 10. Bxc3 Nxe4 11. O-O-O Qxd5 12. Nb3 Qf5 13. f3 Nxc3 14.
bxc3 Nc6 15. g4 Qf4+ 16. Kb1 Rfe8 17. Qb5 Qxf3 18. Bd3 Bxd3 19. cxd3 Ne5 20.
Rhf1 Qg2 21. Rg1 Qxh2 22. d4 Nf3 23. Rh1 Qe2 24. Qh5 h6 25. g5 Qe4+ 26. Ka1
Nxg5 27. Rdf1 Qc6 28. Nc5 b6 29. Rhg1 {Time forfeit} 1-0

[Event "Rated Blitz game"]
[Site "?"]
[Date "2021.11.13"]
[Round "?"]
[White "guillermo3"]
[Black "khalid_ontawar"]
[Result "1-0"]
[WhiteElo "2433"]
[BlackElo "2488"]
[PlyCount "115"]
[EventDate "2021.??.??"]
[EventType "blitz"]

1. e4 e5 2. Nf3 d5 3. Nxe5 Qe7 4. d4 f6 5. Nd3 dxe4 6. Nf4 Bf5 7. h4 Nc6 8. g4
Bg6 9. h5 Bf7 10. c3 O-O-O 11. Be3 Ne5 12. Nd2 g5 13. dxe5 gxf4 14. Bxf4 fxe5
15. Be3 Bh6 16. Qa4 Bxe3 17. fxe3 Qc5 18. Qxe4 Nf6 19. Qf3 Bd5 20. e4 Bc6 21.
O-O-O Rhf8 22. Qe2 Rxd2 23. Rxd2 Nxe4 24. Bg2 Nxd2 25. Qxd2 Bxg2 26. Qxg2 Qe3+
27. Kb1 Rf2 28. Qg1 Qe2 29. Qc1 e4 30. g5 Rh2 31. Re1 Qd3+ 32. Ka1 Rxh5 33. Qf4
Rh3 34. Qg4+ Kb8 35. Rd1 b6 36. Rxd3 Rxd3 37. Qe2 Rg3 38. a3 e3 39. g6 hxg6 40.
Kb1 a6 41. Kc2 Ka7 42. Kd3 a5 43. Qh2 Rg4 44. Qxc7+ Ka6 45. Qc8+ Ka7 46. Qxg4
Ka8 47. Qe2 Ka7 48. Qxe3 a4 49. Qg5 Ka6 50. Qxg6 Ka5 51. Qe4 b5 52. Qd5 Kb6 53.
Qc5+ Ka5 54. Kd4 Ka6 55. Kd5 Ka5 56. Kd6 Ka6 57. Kc6 Ka5 58. Qxb5# {Normal} 1-0

[Event "Rated Blitz game"]
[Site "?"]
[Date "2021.11.13"]
[Round "?"]
[White "osamazayan"]
[Black "Razario90"]
[Result "0-1"]
[WhiteElo "2456"]
[BlackElo "2439"]
[PlyCount "78"]
[EventDate "2021.??.??"]
[EventType "blitz"]

1. e4 e5 2. Nf3 d5 3. exd5 e4 4. Qe2 Nf6 5. Nc3 Be7 6. Nxe4 O-O 7. d3 Re8 8.
Qd1 Nxd5 9. Be2 c5 10. O-O Nc6 11. c3 Nf6 12. Qc2 Bf5 13. Nh4 Bxe4 14. dxe4
Nxe4 15. Nf5 Bf8 16. Bf3 Qd5 17. Ne3 Qe6 18. Re1 Nf6 19. Bd2 Rad8 20. Rad1 Qc8
21. Nf5 Rxe1+ 22. Rxe1 Rxd2 23. Nh6+ gxh6 24. Qxd2 Qc7 25. h3 Kg7 26. Qe3 Bd6
27. Qe2 Ne5 28. Be4 b6 29. Bc2 Ng6 30. g3 h5 31. Qf3 h4 32. Kg2 hxg3 33. fxg3
Nh5 34. Re3 Nxg3 35. Qg4 h5 36. Qg5 Bf4 37. Rxg3 Bxg5 38. Rxg5 Qe7 39. Kh2 Qxg5
{Normal} 0-1

[Event "Rated Blitz tournament wQZHBmb0"]
[Site "?"]
[Date "2021.11.13"]
[Round "?"]
[White "anton16072001"]
[Black "Tyutyunov_Aleksei"]
[Result "1-0"]
[WhiteElo "2503"]
[BlackElo "2247"]
[PlyCount "67"]
[EventDate "2021.??.??"]
[EventType "blitz"]

1. e4 e5 2. Nf3 d5 3. exd5 e4 4. Qe2 Qe7 5. Nd4 Qe5 6. Nb3 Bd6 7. Nc3 f5 8. d3
Nf6 9. dxe4 fxe4 10. Be3 O-O 11. O-O-O Bg4 12. f3 exf3 13. gxf3 Bh5 14. Bh3 Re8
15. Be6+ Bf7 16. f4 Qh5 17. Qxh5 Nxh5 18. f5 Bf4 19. Bxf4 Nxf4 20. Rhf1 Nxe6
21. dxe6 Bh5 22. Rd2 Nc6 23. Nd5 Rac8 24. Nc5 b6 25. Nd7 Kh8 26. Re1 Ne7 27. f6
Nxd5 28. Rxd5 gxf6 29. Rxh5 Re7 30. Nxf6 Rf8 31. Nd5 Rg7 32. e7 Re8 33. Rhe5 c6
34. Nf6 {Normal} 1-0

[Event "Rated Blitz game"]
[Site "?"]
[Date "2021.11.13"]
[Round "?"]
[White "filolog"]
[Black "King_bg03"]
[Result "1/2-1/2"]
[WhiteElo "2798"]
[BlackElo "2722"]
[PlyCount "95"]
[EventDate "2021.??.??"]
[EventType "blitz"]

1. e4 e5 2. Nf3 d5 3. exd5 e4 4. Qe2 Qe7 5. Nd4 Nf6 6. Nc3 Nbd7 7. Ndb5 Nb6 8.
d3 a6 9. Nd4 exd3 10. Qxe7+ Bxe7 11. Bxd3 Nfxd5 12. Nxd5 Nxd5 13. Bd2 O-O 14.
O-O-O Bd6 15. Nf5 Bxf5 16. Bxf5 Bf4 17. Be4 Bxd2+ 18. Rxd2 Nb4 19. a3 Rfe8 20.
Bxb7 Na2+ 21. Kb1 Nc3+ 22. Ka1 Rab8 23. Bc6 Re2 24. Rxe2 Nxe2 25. c3 Nf4 26.
Re1 Nd3 27. Re2 g6 28. g3 Kg7 29. f4 Kf8 30. Be4 Nc1 31. Rc2 Nb3+ 32. Ka2 Nc5
33. Bd5 a5 34. b4 Nd3 35. bxa5 Nc5 36. Rb2 Rd8 37. Bb7 Rd6 38. Rb5 Na6 39. Bxa6
Rxa6 40. Kb3 Ke7 41. Kc4 Kd6 42. Kb4 Ra8 43. c4 Kc6 44. Rc5+ Kd6 45. Rd5+ Kc6
46. Rc5+ Kd6 47. Rd5+ Kc6 48. Rc5+ {Normal} 1/2-1/2

[Event "Rated Blitz tournament wQZHBmb0"]
[Site "?"]
[Date "2021.11.13"]
[Round "?"]
[White "onyxz"]
[Black "Shuhratullo"]
[Result "1-0"]
[WhiteElo "2511"]
[BlackElo "2370"]
[PlyCount "45"]
[EventDate "2021.??.??"]
[EventType "blitz"]

1. e4 e5 2. Nf3 d5 3. Nxe5 Bd6 4. d4 dxe4 5. Bc4 Bxe5 6. Qh5 Qxd4 7. Qxf7+ Kd8
8. Bg5+ Nf6 9. Nc3 Bd7 10. Rd1 Qc5 11. Nxe4 Qe7 12. Nxf6 Bxf6+ 13. Qxe7+ Kxe7
14. Bf4 Nc6 15. O-O Bxb2 16. Bxc7 Bf5 17. Rfe1+ Kf6 18. Rd6+ Kg5 19. f4+ Kh5
20. Be2+ Bg4 21. Rd5+ Kh4 22. g3+ Kh3 23. Bf1# {Normal} 1-0

[Event "Rated Blitz game"]
[Site "?"]
[Date "2021.11.13"]
[Round "?"]
[White "Mamikon_Gharibyan"]
[Black "King_bg03"]
[Result "0-1"]
[WhiteElo "2796"]
[BlackElo "2731"]
[PlyCount "40"]
[EventDate "2021.??.??"]
[EventType "blitz"]

1. e4 e5 2. Nf3 d5 3. d4 exd4 4. Qxd4 Nf6 5. e5 Ne4 6. c4 Bc5 7. Qxd5 Qxd5 8.
cxd5 Nxf2 9. Rg1 Ng4 10. h3 Bf2+ 11. Ke2 Bxg1 12. hxg4 Bxg4 13. Kd3 Bf2 14. Nc3
Nd7 15. Bf4 O-O-O 16. Rc1 Rhe8 17. Nb5 Nxe5+ 18. Nxe5 Rxd5+ 19. Ke4 c6 20. Bc4
f5# {Normal} 0-1

[Event "Rated Blitz game"]
[Site "?"]
[Date "2021.11.13"]
[Round "?"]
[White "Parkrunner2038"]
[Black "Tristan2020"]
[Result "1-0"]
[WhiteElo "2485"]
[BlackElo "2383"]
[PlyCount "37"]
[EventDate "2021.??.??"]
[EventType "blitz"]

1. e4 e5 2. Nf3 d5 3. exd5 e4 4. Qe2 Nf6 5. Nc3 Bb4 6. Nxe4 O-O 7. Nxf6+ Qxf6
8. Qd1 c6 9. Be2 cxd5 10. O-O Nc6 11. c3 Bd6 12. d4 Bg4 13. Bg5 Qg6 14. Bh4
Rae8 15. Bg3 Bxg3 16. hxg3 Re6 17. Nh4 Bxe2 18. Nxg6 Bxf1 19. Nxf8 {Normal} 1-0